Dades de l'arquitecte Josep Ma Jujol que obren en l'Arxiu del Patrimoni Arquitectònic
Descripción Física:
121 p. ; 30 cm
MARC
| LEADER | 00000nam a2200000Ia 4500 | ||
|---|---|---|---|
| 001 | 13646 | ||
| 008 | 160829s9999 xx 000 0 cat d | ||
| 080 | |a B-1-409 | ||
| 110 | |a Barcelona (Catalunya : Província). |b Servei de Patrimoni Arquitectònic Local |9 19202 | ||
| 245 | |a Dades de l'arquitecte Josep Ma Jujol que obren en l'Arxiu del Patrimoni Arquitectònic | ||
| 260 | |a [S.l.] : |b [s.n.], [19-- ?] | ||
| 300 | |a 121 p. ; |c 30 cm | ||
| 650 | |a Barcelona. Diputació. Servei del Patrimoni Arquitectònic Local |x Catàlegs |9 38871 | ||
| 650 | |a Jujol, Josep Maria |9 38872 | ||
| 901 | |a Arxiu | ||
| 942 | |n 1 | ||
| 952 | |0 0 |1 0 |4 0 |6 B1409 |7 1 |9 48658 |a Arxiu |b Arxiu |d 2016-12-01 |l 0 |o B-1-409 |p 13646 |r 2016-12-01 00:00:00 |w 2016-12-01 |y ARXIU | ||
| 999 | |c 52488 |d 52488 | ||